| 000 | 00830cam a22002292 4500 | ||
|---|---|---|---|
| 001 | 0000024329 | ||
| 005 | 20151217145947.0 | ||
| 008 | 130717s xx 000 0 eng d | ||
| 020 | _a9521202475 : | ||
| 040 |
_aKABU _cKABU |
||
| 245 | 1 | 3 |
_aAn Introduction to the international protection of human rights : _ba textbook / _cedited by Raija Hanski and Markku Suksi. |
| 250 | _a2nd revised ed. | ||
| 260 |
_aTurku, Finland : _bInstitute of Human Rights, _c1999. |
||
| 300 | _axii, 468 p. | ||
| 650 | 0 |
_aHuman rights. _@0000150298 |
|
| 700 | 1 |
_aSuksi, Markku. _@0000184335 |
|
| 852 | 1 | _9p25500 KES | |
| 852 | 1 | _9p25500 KES | |
| 852 | 1 | _9p25500 KES | |
| 908 | _a130717 | ||
| 950 | _@1 | ||
| 999 |
_c4516 _d4516 |
||